000 00642nam a2200229Ia 4500
003 OSt
005 20221007065350.0
006 a|||||r|||| 00| 0
007 ta
008 221006b |||||||| |||| 00| 0 eng d
024 _a29,820
037 _cTextual
040 _aFLL
_cFLL
_beng
041 _2eng
_aeng
082 _aX:979c,6, L1
100 _aMaggiolo Walter A.
_9377983
245 0 _aTechniques of meditation in labour disputes
260 _aDobbs
_bFerry Oceana Publication ,Inc. New York
_c1971
300 _ax,192p
_ccm.
942 _hX:979c,6, L1
_cTEXL
_2CC
999 _c1137107
_d1137107